[Event "Madrid ch veteranos 2014"]
[Site "Madrid ESP"]
[Date "2014.01.09"]
[Round "3.4"]
[White "Lopez Rodriguez, Eduardo"]
[Black "Martin Martin, Luis Vicente"]
[Result "0-1"]
[WhiteElo "1848"]
[BlackElo "2051"]
[PlyCount "104"]
[EventDate "2014.01.07"]
[EventType "swiss"]
[EventRounds "9"]
[EventCountry "ESP"]
[Source "lmi"]
[SourceDate "2014.01.07"]

1. e4 d5 2. exd5 Qxd5 3. Nf3 Bg4 4. Be2 Nc6 5. O-O Nf6 6. d4 O-O-O 7. c4 Qf5 8.
Be3 e5 9. d5 e4 10. Nd4 Nxd4 11. Bxd4 Bxe2 12. Qxe2 Bd6 13. Nc3 Bxh2+ 14. Kh1
Be5 15. Bxe5 Qxe5 16. g3 Qf5 17. Kg2 h5 18. f3 exf3+ 19. Rxf3 Qg5 20. Ne4 Nxe4
21. Qxe4 h4 22. g4 Rde8 23. Qf5+ Qxf5 24. Rxf5 f6 25. Kf3 Rhf8 26. Rh5 g5 27.
b3 Kd7 28. Rh7+ Re7 29. Rxe7+ Kxe7 30. Re1+ Kf7 31. c5 Rd8 32. Rd1 Re8 33. b4
Re5 34. a4 b6 35. d6 cxd6 36. cxb6 axb6 37. Rxd6 Re6 38. Rd7+ Kg6 39. a5 bxa5
40. bxa5 f5 41. gxf5+ Kxf5 42. Rd5+ Kg6 43. Rb5 Re1 44. Kg4 Re4+ 45. Kh3 Ra4
46. Rb6+ Kh5 47. Rb5 Ra3+ 48. Kh2 h3 49. a6 Kh4 50. Rb4+ g4 51. a7 Ra2+ 52. Kg1
Rxa7 0-1

[Event "Madrid ch veteranos 2014"]
[Site "Madrid ESP"]
[Date "2014.01.09"]
[Round "3.5"]
[White "Serrano Martin, Antonio"]
[Black "Estrada Martinez, Cesar"]
[Result "0-1"]
[WhiteElo "2036"]
[BlackElo "2028"]
[PlyCount "34"]
[EventDate "2014.01.07"]
[EventType "swiss"]
[EventRounds "9"]
[EventCountry "ESP"]
[Source "lmi"]
[SourceDate "2014.01.07"]

1. d4 Nf6 2. c4 c5 3. Nf3 cxd4 4. Nxd4 Nc6 5. Nc3 g6 6. Nxc6 bxc6 7. e4 d6 8.
Bd3 Bg7 9. O-O O-O 10. Bg5 Qa5 11. Qd2 Rb8 12. a3 Re8 13. b4 Qb6 14. Rac1 Ng4
15. c5 dxc5 16. Na4 Qc7 17. Nxc5 Qxh2# 0-1

[Event "Madrid ch veteranos 2014"]
[Site "Madrid ESP"]
[Date "2014.01.09"]
[Round "3.6"]
[White "Gonzalez Mateos, Rafael"]
[Black "Perez Agusti, Luis"]
[Result "1/2-1/2"]
[WhiteElo "2015"]
[BlackElo "1928"]
[PlyCount "74"]
[EventDate "2014.01.07"]
[EventType "swiss"]
[EventRounds "9"]
[EventCountry "ESP"]
[Source "lmi"]
[SourceDate "2014.01.07"]

1. d4 c5 2. c3 cxd4 3. cxd4 d5 4. Nf3 Nf6 5. Nc3 Bf5 6. Qb3 b6 7. Bf4 e6 8. e3
Bd6 9. Bb5+ Ke7 10. Bg5 a6 11. Be2 Nbd7 12. O-O h6 13. Bh4 Qb8 14. Bg3 Rc8 15.
Bxd6+ Qxd6 16. Rfc1 g5 17. Ne5 Nxe5 18. dxe5 Qxe5 19. Na4 b5 20. Nb6 Rxc1+ 21.
Rxc1 Rd8 22. Qa3+ Ke8 23. Qxa6 Kf8 24. Qxb5 Kg7 25. a4 Bg4 26. Bf1 Ne4 27. f3
Nd2 28. Qc5 Bxf3 29. Qc3 Qxc3 30. Rxc3 Nxf1 31. gxf3 Nd2 32. a5 Rb8 33. Kf2 Nc4
34. Nxc4 dxc4 35. Rxc4 Rxb2+ 36. Kg3 Ra2 37. Rc5 f5 1/2-1/2

[Event "Madrid ch veteranos 2014"]
[Site "Madrid ESP"]
[Date "2014.01.09"]
[Round "3.7"]
[White "Fuentes Arjona, Antonio"]
[Black "Cabanas Bravo, Juan Andres"]
[Result "1/2-1/2"]
[WhiteElo "1992"]
[BlackElo "2072"]
[PlyCount "71"]
[EventDate "2014.01.07"]
[EventType "swiss"]
[EventRounds "9"]
[EventCountry "ESP"]
[Source "lmi"]
[SourceDate "2014.01.07"]

1. c4 Nf6 2. Nc3 d5 3. cxd5 Nxd5 4. g3 g6 5. Bg2 Nb6 6. d3 Bg7 7. Nf3 Nc6 8.
O-O e5 9. Bg5 f6 10. Bd2 Qe7 11. Rc1 f5 12. Bg5 Qf7 13. Be3 h6 14. b3 O-O 15.
Bc5 Rd8 16. Qc2 Be6 17. e3 Rd7 18. d4 Rad8 19. dxe5 Nxe5 20. Nd4 c6 21. Nxe6
Qxe6 22. Rfd1 Nd3 23. Bxb6 axb6 24. Bf1 Nb4 25. Bc4 Qxc4 26. bxc4 Nxc2 27. Rxd7
Rxd7 28. Rxc2 Kf7 29. Kg2 g5 30. Na4 b5 31. cxb5 cxb5 32. Nb6 Re7 33. Rc5 Re5
34. Rc7+ Re7 35. Rc5 Re5 36. g4 1/2-1/2

[Event "Madrid ch veteranos 2014"]
[Site "Madrid ESP"]
[Date "2014.01.09"]
[Round "3.8"]
[White "Ciuro Munoz, Ricardo"]
[Black "Diaz Begonte, Manuel"]
[Result "1-0"]
[WhiteElo "2030"]
[BlackElo "1793"]
[PlyCount "55"]
[EventDate "2014.01.07"]
[EventType "swiss"]
[EventRounds "9"]
[EventCountry "ESP"]
[Source "lmi"]
[SourceDate "2014.01.07"]

1. d4 d5 2. Bf4 e6 3. Nf3 c5 4. c3 Nc6 5. e3 Qb6 6. Qc2 Bd7 7. Be2 Rc8 8. Qb3
c4 9. Qc2 f5 10. Nbd2 Nf6 11. O-O Be7 12. b3 cxb3 13. axb3 O-O 14. Ne5 Nxe5 15.
Bxe5 Ne4 16. Nxe4 fxe4 17. c4 a6 18. c5 Qd8 19. b4 Qe8 20. Rfb1 Qf7 21. Bf1 Bh4
22. g3 Be7 23. b5 axb5 24. Bxb5 Bc6 25. Bxc6 bxc6 26. Ra7 Qe8 27. Rbb7 Rf7 28.
Bd6 1-0

[Event "Madrid ch veteranos 2014"]
[Site "Madrid ESP"]
[Date "2014.01.09"]
[Round "3.9"]
[White "Ruiz Castro, Manuel"]
[Black "Camarero Izquierdo, Juan Carlos"]
[Result "0-1"]
[WhiteElo "1722"]
[BlackElo "1859"]
[PlyCount "53"]
[EventDate "2014.01.07"]
[EventType "swiss"]
[EventRounds "9"]
[EventCountry "ESP"]
[Source "lmi"]
[SourceDate "2014.01.07"]

1. e4 c5 2. Nf3 d6 3. d4 cxd4 4. Nxd4 Nf6 5. Nc3 a6 6. Bg5 e6 7. a3 Be7 8. Bd3
O-O 9. O-O b5 10. Kh1 Bb7 11. f3 Nbd7 12. f4 Rc8 13. Qe2 Qb6 14. Nf3 Rfe8 15.
Qf2 Qc7 16. Rae1 Nf8 17. Qg3 Ng6 18. Nh4 Nh5 19. Qg4 Nxh4 20. Qxh4 g6 21. Bxe7
Rxe7 22. f5 exf5 23. exf5 Rce8 24. Be4 Qc4 25. g4 Rxe4 26. Nxe4 Rxe4 27. Qd8+
0-1

[Event "Madrid ch veteranos 2014"]
[Site "Madrid ESP"]
[Date "2014.01.09"]
[Round "3.10"]
[White "Canseco Arenas, Alfonso"]
[Black "Perez Cameselle, Francisco"]
[Result "0-1"]
[WhiteElo "1704"]
[BlackElo "1847"]
[PlyCount "72"]
[EventDate "2014.01.07"]
[EventType "swiss"]
[EventRounds "9"]
[EventCountry "ESP"]
[Source "lmi"]
[SourceDate "2014.01.07"]

1. a3 e5 2. d3 d5 3. Nf3 Nc6 4. e3 f5 5. c3 Nf6 6. h3 Bd6 7. d4 e4 8. Nfd2 O-O
9. c4 Be6 10. cxd5 Bxd5 11. Nc3 Kh8 12. Nxd5 Nxd5 13. Nc4 f4 14. Nxd6 Qxd6 15.
exf4 Nxf4 16. Be3 Nd5 17. Qg4 Nf6 18. Qg5 Nxd4 19. O-O-O Qc6+ 20. Bc4 Qxc4+ 21.
Kb1 Rad8 22. Rd2 Nc6 23. Rc1 Qe6 24. Rdc2 Rd5 25. Qg3 Rf7 26. Qh4 Rfd7 27. g4
Rd1 28. g5 Rxc1+ 29. Rxc1 Nd5 30. Rf1 Rf7 31. Rg1 g6 32. Rg4 Nxe3 33. Rxe4 Nf5
34. Qg4 Qd7 35. h4 Re7 36. h5 Qd3+ 0-1

[Event "Madrid ch veteranos 2014"]
[Site "Madrid ESP"]
[Date "2014.01.10"]
[Round "4.1"]
[White "Casares Ripoll, Fernando"]
[Black "Martin Martin, Luis Vicente"]
[Result "1/2-1/2"]
[WhiteElo "2115"]
[BlackElo "2051"]
[PlyCount "75"]
[EventDate "2014.01.07"]
[EventType "swiss"]
[EventRounds "9"]
[EventCountry "ESP"]
[Source "lmi"]
[SourceDate "2014.01.07"]

1. c4 e5 2. Nc3 Nf6 3. g3 d5 4. cxd5 Nxd5 5. Bg2 Nb6 6. Nf3 Nc6 7. O-O Be7 8.
d3 O-O 9. a3 f5 10. b4 Be6 11. b5 Nd4 12. Rb1 Bf6 13. Nxd4 exd4 14. Na4 Bd5 15.
Qc2 Nxa4 16. Qxa4 Bxg2 17. Kxg2 Qd5+ 18. Kg1 c5 19. bxc6 bxc6 20. Qc4 Qxc4 21.
dxc4 Rfe8 22. e3 Rab8 23. Bd2 Rb6 24. exd4 Bxd4 25. Rxb6 axb6 26. Re1 Rxe1+ 27.
Bxe1 b5 28. cxb5 cxb5 29. Kf1 Kf7 30. Ke2 Ke6 31. f3 Kd5 32. Kd3 h5 33. Bd2 g6
34. Bb4 Be5 35. Be7 Bc7 36. Kc3 Ba5+ 37. Kd3 Be1 38. Bg5 1/2-1/2

[Event "Madrid ch veteranos 2014"]
[Site "Madrid ESP"]
[Date "2014.01.10"]
[Round "4.2"]
[White "Estrada Martinez, Cesar"]
[Black "Gonzalez Rivera, Eduardo"]
[Result "1/2-1/2"]
[WhiteElo "2028"]
[BlackElo "2084"]
[PlyCount "116"]
[EventDate "2014.01.07"]
[EventType "swiss"]
[EventRounds "9"]
[EventCountry "ESP"]
[Source "lmi"]
[SourceDate "2014.01.07"]

1. d4 Nf6 2. c4 g6 3. g3 d5 4. cxd5 Nxd5 5. Bg2 Bg7 6. Nf3 O-O 7. O-O Nb6 8.
Nc3 Na6 9. Bf4 c6 10. h3 h6 11. Rc1 Be6 12. b3 Qd7 13. Kh2 Rfd8 14. e4 g5 15.
Be3 g4 16. hxg4 Bxg4 17. Qd2 Bxf3 18. Bxf3 Bxd4 19. Bxh6 Qe6 20. Qf4 Rd6 21.
Bg5 Be5 22. Qh4 Qg6 23. Kg2 Bf6 24. Bxf6 Qxf6 25. Qxf6 Rxf6 26. Rcd1 Rd6 27. e5
Rxd1 28. Rxd1 e6 29. Ne4 Nd5 30. Nd6 b6 31. Bh5 Rf8 32. Rd4 f5 33. Ra4 Ndc7 34.
Bf3 c5 35. Be2 Nb4 36. Rxa7 Ncd5 37. Bb5 f4 38. Bd7 fxg3 39. Bxe6+ Kh8 40. fxg3
Ne3+ 41. Kh3 Nd3 42. Nf7+ Kg7 43. Rd7 Nxe5 44. Nxe5+ Kf6 45. Rf7+ Rxf7 46. Bxf7
Kxe5 47. Kh4 b5 48. g4 Kf6 49. Be8 b4 50. g5+ Ke7 51. Bc6 Kf7 52. Bf3 Kg6 53.
Be4+ Kg7 54. Kg3 Nd1 55. Kf4 Nc3 56. Ke5 Nxa2 57. Kd6 Nc1 58. Bc2 Nxb3 1/2-1/2

[Event "Madrid ch veteranos 2014"]
[Site "Madrid ESP"]
[Date "2014.01.10"]
[Round "4.3"]
[White "Lopez Heras, Arturo"]
[Black "Gonzalez Mateos, Rafael"]
[Result "1/2-1/2"]
[WhiteElo "1948"]
[BlackElo "2015"]
[PlyCount "20"]
[EventDate "2014.01.07"]
[EventType "swiss"]
[EventRounds "9"]
[EventCountry "ESP"]
[Source "lmi"]
[SourceDate "2014.01.07"]

1. e4 e6 2. d4 d5 3. e5 c5 4. c3 Qb6 5. Nf3 Nc6 6. Be2 cxd4 7. cxd4 Nge7 8. Na3
Nf5 9. Nc2 Bb4+ 10. Kf1 Be7 1/2-1/2

[Event "Madrid ch veteranos 2014"]
[Site "Madrid ESP"]
[Date "2014.01.10"]
[Round "4.4"]
[White "Perez Agusti, Luis"]
[Black "Ciuro Munoz, Ricardo"]
[Result "1-0"]
[WhiteElo "1928"]
[BlackElo "2030"]
[PlyCount "69"]
[EventDate "2014.01.07"]
[EventType "swiss"]
[EventRounds "9"]
[EventCountry "ESP"]
[Source "lmi"]
[SourceDate "2014.01.07"]

1. d4 Nf6 2. Bg5 d5 3. Bxf6 exf6 4. e3 Bd6 5. Bd3 c6 6. Ne2 O-O 7. c3 c5 8.
dxc5 Bxc5 9. Nd2 Nc6 10. Qc2 h6 11. Nf4 Re8 12. O-O-O Bg4 13. Rde1 Rc8 14. Kb1
Bb6 15. Qb3 Be6 16. Qd1 Ne5 17. Bc2 Bc7 18. Nb3 Qd6 19. Nd4 Rcd8 20. Nb5 Qc5
21. Nxc7 Qxc7 22. Qd4 Qc4 23. Rd1 Nc6 24. Qd3 Qxd3 25. Rxd3 Kf8 26. Rhd1 Ne7
27. R3d2 g5 28. Nh5 Bg4 29. Nxf6 Bxd1 30. Rxd1 Nc6 31. Nxe8 Kxe8 32. Bb3 Ne7
33. e4 b5 34. Bxd5 Nxd5 35. Rxd5 1-0

[Event "Madrid ch veteranos 2014"]
[Site "Madrid ESP"]
[Date "2014.01.10"]
[Round "4.5"]
[White "Cabanas Bravo, Juan Andres"]
[Black "Minguela Munoz, Bienvenido"]
[Result "1-0"]
[WhiteElo "2072"]
[BlackElo "1817"]
[PlyCount "91"]
[EventDate "2014.01.07"]
[EventType "swiss"]
[EventRounds "9"]
[EventCountry "ESP"]
[Source "lmi"]
[SourceDate "2014.01.07"]

1. e4 c5 2. Nf3 Nc6 3. d4 cxd4 4. Nxd4 Qb6 5. Nb3 Nf6 6. Nc3 e6 7. Be3 Qc7 8.
f3 Bb4 9. Qd2 d5 10. a3 Bxc3 11. Qxc3 dxe4 12. fxe4 O-O 13. Nd2 Qe5 14. Qxe5
Nxe5 15. Be2 Bd7 16. O-O Neg4 17. Bd4 e5 18. Bc3 Ne3 19. Rfc1 Rfe8 20. h3 Rac8
21. Kf2 Ned5 22. exd5 Nxd5 23. Ne4 Nxc3 24. Nxc3 f5 25. Bb5 Bxb5 26. Nxb5 Red8
27. Ke2 Rc5 28. Nc3 Rc4 29. Rd1 Rcd4 30. Rxd4 Rxd4 31. Rd1 Rxd1 32. Kxd1 Kf7
33. Nb5 Ke6 34. Nxa7 Kd5 35. Ke2 g5 36. Nb5 h5 37. a4 g4 38. hxg4 hxg4 39. Nc7+
Kc5 40. Ne6+ Kd6 41. Ng7 f4 42. Nh5 Ke6 43. a5 Kf7 44. b4 Kg6 45. Ng3 Kg5 46.
Ne4+ 1-0

[Event "Madrid ch veteranos 2014"]
[Site "Madrid ESP"]
[Date "2014.01.10"]
[Round "4.6"]
[White "Perez Cameselle, Francisco"]
[Black "Gil Sierra, Jacinto"]
[Result "1-0"]
[WhiteElo "1847"]
[BlackElo "2061"]
[PlyCount "101"]
[EventDate "2014.01.07"]
[EventType "swiss"]
[EventRounds "9"]
[EventCountry "ESP"]
[Source "lmi"]
[SourceDate "2014.01.07"]

1. e4 c5 2. Nf3 Nc6 3. d4 cxd4 4. Nxd4 Nf6 5. Nc3 d6 6. Be2 e5 7. Nb3 Be7 8.
O-O O-O 9. f4 a6 10. a4 b6 11. Be3 Nb4 12. Bf3 Qc7 13. Qe2 Bd7 14. Kh1 Rfc8 15.
Qf2 Rab8 16. fxe5 dxe5 17. Rad1 Be6 18. Rd2 Nxc2 19. Rxc2 Bxb3 20. Rcc1 Bc5 21.
Be2 Qb7 22. Bxc5 Rxc5 23. Qe3 Rbc8 24. h3 h6 25. Bd3 Bc4 26. Rcd1 Bxd3 27. Qxd3
b5 28. axb5 axb5 29. Nd5 Nxd5 30. exd5 Rd8 31. d6 Rc4 32. Qf5 f6 33. Rf2 Qd7
34. Qh5 Qe6 35. Rfd2 Rd7 36. Qe2 Qf5 37. Rd5 Qc2 38. R1d2 Qc1+ 39. Kh2 b4 40.
Rd1 Qc2 41. R1d2 Qe4 42. Qd1 Kf7 43. Qb3 Ke8 44. Qa4 Qf4+ 45. Kg1 Rc1+ 46. Rd1
Rxd1+ 47. Rxd1 Qe3+ 48. Kh2 Qc5 49. Kh1 Qb6 50. Rd5 Qb7 51. Rb5 1-0

[Event "Madrid ch veteranos 2014"]
[Site "Madrid ESP"]
[Date "2014.01.10"]
[Round "4.7"]
[White "Garcia Gutierrez, Jose"]
[Black "Keller, August"]
[Result "0-1"]
[WhiteElo "2006"]
[BlackElo "1791"]
[PlyCount "54"]
[EventDate "2014.01.07"]
[EventType "swiss"]
[EventRounds "9"]
[EventCountry "ESP"]
[Source "lmi"]
[SourceDate "2014.01.07"]

1. e4 c6 2. d4 d5 3. Nd2 dxe4 4. Nxe4 Nf6 5. Nxf6+ exf6 6. c3 Bd6 7. Bd3 O-O 8.
Ne2 Bg4 9. f3 Bh5 10. Qb3 Qc7 11. Bd2 Bg6 12. Bxg6 hxg6 13. O-O-O Re8 14. Qc4
Nd7 15. g3 b5 16. Qd3 a5 17. h4 b4 18. h5 g5 19. f4 c5 20. fxg5 bxc3 21. Bxc3
cxd4 22. Nxd4 Ne5 23. Qf5 Bb4 24. gxf6 Bxc3 25. bxc3 Qxc3+ 26. Nc2 Nc4 27. Rd2
Qb2+ 0-1

[Event "Madrid ch veteranos 2014"]
[Site "Madrid ESP"]
[Date "2014.01.10"]
[Round "4.8"]
[White "Rodriguez Bachiller, Luis"]
[Black "Fuentes Arjona, Antonio"]
[Result "0-1"]
[WhiteElo "1769"]
[BlackElo "1992"]
[PlyCount "122"]
[EventDate "2014.01.07"]
[EventType "swiss"]
[EventRounds "9"]
[EventCountry "ESP"]
[Source "lmi"]
[SourceDate "2014.01.07"]

1. e4 c5 2. c3 d5 3. exd5 Qxd5 4. Qf3 Nf6 5. Qxd5 Nxd5 6. Bc4 e6 7. Ne2 Bd6 8.
d4 Nc6 9. dxc5 Bxc5 10. Nd2 Ne5 11. Bxd5 Nd3+ 12. Kf1 exd5 13. Nd4 O-O 14. Ke2
Nf4+ 15. Kf3 Ne6 16. N2b3 Bd7 17. Be3 Bb6 18. g3 Nc5 19. Nxc5 Bxc5 20. Rhe1 Bb6
21. Kg2 Rae8 22. Nc2 Bxe3 23. Rxe3 Rxe3 24. Nxe3 Bc6 25. f3 g6 26. Rd1 Rd8 27.
Kf2 Rd7 28. Ng4 Kg7 29. Rd4 f6 30. f4 Re7 31. Ne3 Rd7 32. h4 f5 33. h5 Kf6 34.
hxg6 hxg6 35. g4 fxg4 36. Nxg4+ Kf5 37. Kg3 Re7 38. Nf2 Re3+ 39. Kg2 Re2 40.
Rb4 a5 41. Rb3 Kxf4 42. Kf1 Re3 43. Nd1 Rf3+ 44. Ke2 g5 45. Nf2 g4 46. Nd3+ Kf5
47. Nc5 b5 48. a3 a4 49. Rb4 Rf4 50. Nd3 Rxb4 51. Nxb4 Bb7 52. Ke3 Kg5 53. Nd3
g3 54. Nf4 Kg4 55. Ne2 Bc6 56. Ng1 Bd7 57. Ne2 Bc6 58. Nd4 Kh3 59. Kf3 Be8 60.
Nf5 Bh5+ 61. Ke3 g2 0-1

[Event "Madrid ch veteranos 2014"]
[Site "Madrid ESP"]
[Date "2014.01.10"]
[Round "4.9"]
[White "Rufo Yebra, Benito"]
[Black "Fernandez Garcia, Ignacio"]
[Result "0-1"]
[WhiteElo "1496"]
[BlackElo "1893"]
[PlyCount "60"]
[EventDate "2014.01.07"]
[EventType "swiss"]
[EventRounds "9"]
[EventCountry "ESP"]
[Source "lmi"]
[SourceDate "2014.01.07"]

1. e4 d6 2. Bc4 Nf6 3. d3 g6 4. h3 Bg7 5. Nc3 c6 6. a4 O-O 7. Nf3 d5 8. exd5
cxd5 9. Ba2 Nc6 10. Bf4 d4 11. Nb5 e5 12. Bg5 a6 13. Na3 Qc7 14. Bh4 b5 15.
axb5 axb5 16. Nxb5 Qa5+ 17. Nc3 Be6 18. O-O dxc3 19. Bxe6 Qxa1 20. Bxf7+ Rxf7
21. bxc3 Qxc3 22. Qe2 Rfa7 23. Ne1 Ra1 24. f4 e4 25. Kh2 Nd4 26. Bxf6 Nxe2 27.
Bxc3 Bxc3 28. dxe4 Rxe1 29. Rf3 Raa1 30. g4 Bd4 0-1

[Event "Madrid ch veteranos 2014"]
[Site "Madrid ESP"]
[Date "2014.01.10"]
[Round "4.10"]
[White "Camarero Izquierdo, Juan Carlos"]
[Black "Serrano Martin, Antonio"]
[Result "1-0"]
[WhiteElo "1859"]
[BlackElo "2036"]
[PlyCount "87"]
[EventDate "2014.01.07"]
[EventType "swiss"]
[EventRounds "9"]
[EventCountry "ESP"]
[Source "lmi"]
[SourceDate "2014.01.07"]

1. d4 e6 2. Nc3 d5 3. e4 dxe4 4. Nxe4 Nc6 5. Nf3 Be7 6. Be3 Nf6 7. Bd3 Nb4 8.
h4 h6 9. a3 Nxd3+ 10. Qxd3 b6 11. Ne5 Bb7 12. f3 Nd5 13. h5 a5 14. O-O-O O-O
15. g4 f5 16. gxf5 exf5 17. Nd2 Nxe3 18. Qxe3 Qd5 19. Rhg1 Bg5 20. f4 Bf6 21.
Rg6 Bxe5 22. fxe5 Kh7 23. Rdg1 Rf7 24. c4 Qd8 25. e6 Re7 26. Qe5 Qf8 27. Rf1
Rae8 28. d5 Bc8 29. Rxf5 Qg8 30. Ne4 Rf8 31. Ng3 Rfe8 32. Rf1 Bxe6 33. dxe6
Rxe6 34. Rxe6 Rxe6 35. Qxc7 Re3 36. Nf5 Re4 37. Nd6 Rg4 38. Qxb6 Rxc4+ 39. Kb1
Rh4 40. Qxa5 Qb3 41. Qf5+ Kh8 42. Nf7+ Kg8 43. Nxh6+ gxh6 44. Qg6+ 1-0

[Event "Madrid ch veteranos 2014"]
[Site "Madrid ESP"]
[Date "2014.01.13"]
[Round "5.1"]
[White "Estrada Martinez, Cesar"]
[Black "Casares Ripoll, Fernando"]
[Result "1/2-1/2"]
[WhiteElo "2028"]
[BlackElo "2115"]
[PlyCount "29"]
[EventDate "2014.01.07"]
[EventType "swiss"]
[EventRounds "9"]
[EventCountry "ESP"]
[Source "lmi"]
[SourceDate "2014.01.07"]

1. d4 d5 2. c4 e5 3. cxd5 Qxd5 4. e3 exd4 5. Nc3 Bb4 6. Qxd4 Qxd4 7. exd4 Nc6
8. Bb5 Bd7 9. Nf3 Nf6 10. O-O O-O 11. Bg5 Bxc3 12. bxc3 Ne4 13. Rac1 Nxg5 14.
Nxg5 Rfe8 15. Rfe1 1/2-1/2

[Event "Madrid ch veteranos 2014"]
[Site "Madrid ESP"]
[Date "2014.01.13"]
[Round "5.2"]
[White "Gonzalez Rivera, Eduardo"]
[Black "Lopez Heras, Arturo"]
[Result "1-0"]
[WhiteElo "2084"]
[BlackElo "1948"]
[PlyCount "57"]
[EventDate "2014.01.07"]
[EventType "swiss"]
[EventRounds "9"]
[EventCountry "ESP"]
[Source "lmi"]
[SourceDate "2014.01.07"]

1. e4 e5 2. Nf3 Nc6 3. Bb5 a6 4. Bxc6 dxc6 5. O-O Qd6 6. d3 Bg4 7. Be3 Nf6 8.
Nbd2 b5 9. d4 Nd7 10. h3 Bh5 11. g4 exd4 12. Nxd4 Bg6 13. f4 f6 14. a4 O-O-O
15. axb5 cxb5 16. Qf3 Nb8 17. c4 Be8 18. cxb5 axb5 19. N2b3 h5 20. Rfd1 hxg4
21. hxg4 Bd7 22. Nxb5 Qb4 23. Na7+ Kb7 24. Na5+ Ka8 25. e5+ Bc6 26. N5xc6 Rxd1+
27. Rxd1 Qxb2 28. Nxb8+ c6 29. Qxc6+ 1-0

[Event "Madrid ch veteranos 2014"]
[Site "Madrid ESP"]
[Date "2014.01.13"]
[Round "5.3"]
[White "Martin Martin, Luis Vicente"]
[Black "Perez Agusti, Luis"]
[Result "1-0"]
[WhiteElo "2051"]
[BlackElo "1928"]
[PlyCount "89"]
[EventDate "2014.01.07"]
[EventType "swiss"]
[EventRounds "9"]
[EventCountry "ESP"]
[Source "lmi"]
[SourceDate "2014.01.07"]

1. d4 Nf6 2. Bf4 d5 3. e3 Bf5 4. c4 e6 5. Qb3 b6 6. Nf3 Bd6 7. Bg5 Be7 8. Nc3
dxc4 9. Bxc4 O-O 10. O-O Nc6 11. Bb5 Na5 12. Qa4 Ne4 13. Nxe4 Bxe4 14. Bxe7
Qxe7 15. Ne5 Qg5 16. g3 c5 17. f4 Qh5 18. dxc5 Rfd8 19. Qxe4 a6 20. Ba4 Rd5 21.
Nc6 Nxc6 22. Bxc6 Rd2 23. h4 Qe2 24. Qg2 Qxe3+ 25. Rf2 Rc8 26. Raf1 Qxc5 27.
Bb7 Rcd8 28. Kh2 Qb4 29. Rxd2 Rxd2 30. Rf2 Rd1 31. Rc2 g6 32. Bxa6 Qa5 33. Bc4
Qe1 34. Be2 Ra1 35. a3 Qb1 36. Bd3 Qd1 37. Be4 Kg7 38. Qf2 b5 39. Bf3 Qb1 40.
Rd2 Qc1 41. Qd4+ f6 42. g4 g5 43. Qd7+ Kh6 44. fxg5+ Kg6 45. Be4+ 1-0

[Event "Madrid ch veteranos 2014"]
[Site "Madrid ESP"]
[Date "2014.01.13"]
[Round "5.4"]
[White "Lopez Rodriguez, Eduardo"]
[Black "Cabanas Bravo, Juan Andres"]
[Result "0-1"]
[WhiteElo "1848"]
[BlackElo "2072"]
[PlyCount "128"]
[EventDate "2014.01.07"]
[EventType "swiss"]
[EventRounds "9"]
[EventCountry "ESP"]
[Source "lmi"]
[SourceDate "2014.01.07"]

1. e4 e5 2. Nf3 Nc6 3. Bc4 Bc5 4. c3 Nf6 5. d3 a6 6. O-O Ba7 7. Bg5 h6 8. Be3
O-O 9. Bb3 d6 10. Bxa7 Rxa7 11. h3 Ne7 12. Nbd2 Ng6 13. Re1 Nf4 14. Nf1 g5 15.
Qd2 Kg7 16. d4 Qe7 17. Ne3 g4 18. hxg4 Nxg4 19. dxe5 dxe5 20. Nd4 Qg5 21. Nf3
Qd8 22. Rad1 Qxd2 23. Rxd2 a5 24. Nh4 Ra6 25. Nhf5+ Kh7 26. f3 Nf6 27. Red1 a4
28. Bc4 Rb6 29. Kf2 Be6 30. Bxe6 fxe6 31. Ng3 Rg8 32. Nc4 Rb5 33. Rd8 Rc5 34.
Rxg8 Kxg8 35. Ne3 Rb5 36. Rd2 Rxb2 37. Rxb2 Nd3+ 38. Ke2 Nxb2 39. a3 Nd7 40.
Kd2 Nb6 41. Nc2 N6c4+ 42. Ke2 c5 43. Nf1 Kf7 44. Nfe3 Kg6 45. g3 h5 46. Ng2 Kg5
47. Nh4 Na5 48. Ng2 Nb3 49. Nce3 b5 50. Nc2 Nc4 51. Nh4 Nc1+ 52. Kd1 Na2 53.
Ng2 Nxc3+ 54. Ke1 Nb1 55. Nge3 Nxe3 56. Nxe3 Nxa3 57. Kd2 b4 58. Kc1 c4 59. Nd1
c3 60. Ne3 b3 61. Nd1 b2+ 62. Nxb2 cxb2+ 63. Kxb2 Nb5 64. Ka2 h4 0-1

[Event "Madrid ch veteranos 2014"]
[Site "Madrid ESP"]
[Date "2014.01.13"]
[Round "5.5"]
[White "Gonzalez Mateos, Rafael"]
[Black "Camarero Izquierdo, Juan Carlos"]
[Result "1-0"]
[WhiteElo "2015"]
[BlackElo "1859"]
[PlyCount "77"]
[EventDate "2014.01.07"]
[EventType "swiss"]
[EventRounds "9"]
[EventCountry "ESP"]
[Source "lmi"]
[SourceDate "2014.01.07"]

1. d4 Nf6 2. c3 d5 3. Bg5 Qd6 4. Nf3 h6 5. Bh4 Ne4 6. Nbd2 Nc6 7. Nxe4 dxe4 8.
Nd2 f5 9. e3 e5 10. Nc4 Qg6 11. d5 Be7 12. dxc6 Bxh4 13. Nxe5 Qg5 14. g3 O-O
15. Qd5+ Kh7 16. cxb7 Bxb7 17. Qxb7 Rab8 18. Qxa7 Rxb2 19. Qd4 Qh5 20. Nc4 Bf6
21. Nxb2 Bxd4 22. cxd4 Qf3 23. Rg1 Qh5 24. Be2 Qxh2 25. Rf1 c5 26. dxc5 f4 27.
gxf4 Rd8 28. Rc1 Qh4 29. Nd1 Qe7 30. Rg1 Qd7 31. Kf1 Qd2 32. Rc4 Qxa2 33. Nc3
Qb2 34. c6 Rc8 35. Nd5 Qb5 36. Rd4 Qb1+ 37. Rd1 Qc2 38. c7 Ra8 39. Nf6+ 1-0

[Event "Madrid ch veteranos 2014"]
[Site "Madrid ESP"]
[Date "2014.01.13"]
[Round "5.6"]
[White "Fuentes Arjona, Antonio"]
[Black "Perez Cameselle, Francisco"]
[Result "0-1"]
[WhiteElo "1992"]
[BlackElo "1847"]
[PlyCount "60"]
[EventDate "2014.01.07"]
[EventType "swiss"]
[EventRounds "9"]
[EventCountry "ESP"]
[Source "lmi"]
[SourceDate "2014.01.07"]

1. e4 e6 2. d4 d5 3. exd5 exd5 4. c4 c6 5. Nc3 Nf6 6. Nf3 Be7 7. Be2 O-O 8. O-O
dxc4 9. Bxc4 Nd5 10. a3 Bf5 11. Re1 Nxc3 12. bxc3 b5 13. Bb3 Nd7 14. Bf4 Rc8
15. Qe2 Re8 16. Qa2 Bg6 17. c4 bxc4 18. Bxc4 Qb6 19. Rab1 Qa5 20. Rb7 Qf5 21.
Bd2 Bf6 22. Rxe8+ Rxe8 23. Rxa7 h5 24. h3 Be7 25. Qb3 Rb8 26. Bb4 c5 27. dxc5
Bxc5 28. Qd1 Bxa7 29. Qe2 Bc5 30. Nh4 Qe5 0-1

[Event "Madrid ch veteranos 2014"]
[Site "Madrid ESP"]
[Date "2014.01.13"]
[Round "5.7"]
[White "Fernandez Garcia, Ignacio"]
[Black "Keller, August"]
[Result "1-0"]
[WhiteElo "1893"]
[BlackElo "1791"]
[PlyCount "81"]
[EventDate "2014.01.07"]
[EventType "swiss"]
[EventRounds "9"]
[EventCountry "ESP"]
[Source "lmi"]
[SourceDate "2014.01.07"]

1. e4 c6 2. d4 d5 3. Nc3 dxe4 4. Nxe4 Nf6 5. Ng3 g6 6. Nf3 Bg4 7. c3 Bg7 8. Bc4
O-O 9. h3 Bxf3 10. Qxf3 Nbd7 11. Bd2 e6 12. h4 b5 13. Bb3 c5 14. h5 c4 15. Bc2
e5 16. hxg6 fxg6 17. O-O-O exd4 18. cxd4 a5 19. Rh3 b4 20. Rdh1 b3 21. axb3 Qc8
22. Kb1 Nb6 23. bxc4 Nxc4 24. Bb3 a4 25. Ba2 Kh8 26. Qd3 Nxd2+ 27. Qxd2 Rb8 28.
Ka1 Qb7 29. f3 Rfd8 30. Ne2 Qb4 31. Qxb4 Rxb4 32. g4 Rdb8 33. Nf4 Nh5 34. gxh5
Bxd4 35. Nd3 a3 36. hxg6 Kg7 37. Rxh7+ Kxg6 38. R1h6+ Kg5 39. Rh5+ Kf6 40. Rf7+
Kg6 41. Nf4# 1-0